Religion/ (Record no. 189528)

MARC details
000 -LEADER
fixed length control field 00559nam a22001817a 4500
005 - DATE AND TIME OF LATEST TRANSACTION
control field 20220704130352.0
010 ## - LCCN (DPL NO)
LC control number ENG-133434
020 ## - INTERNATIONAL STANDARD BOOK NUMBER
International Standard Book Number 9789383657377
Terms of availability 50.00
035 ## - SYSTEM CONTROL NUMBER
System control number EN-116966
037 ## - SOURCE OF ACQUISITION
Source of stock number/acquisition DBAD/PUB
082 ## - DEWEY DECIMAL CLASSIFICATION NUMBER
Classification number 200
100 ## - MAIN ENTRY--PERSONAL NAME
Personal name Lenin,Vladimir Ilyich
245 ## - TITLE STATEMENT
Title Religion/
Statement of responsibility, etc Vladimir Ilyich Lenin
260 ## - PUBLICATION, DISTRIBUTION, ETC. (IMPRINT)
Place of publication, distribution, etc New Delhi
Name of publisher, distributor, etc Critical Quest
Date of publication, distribution, etc 2017
270 ## - ADDRESS
Address 420, G-Block,Phase VI,Aya Nagar
City New Delhi
Postal code 110047
Electronic mail address criticalquest@gmail.com
Telephone number 011-26502012
300 ## - PHYSICAL DESCRIPTION
Extent 63p.
Dimensions 21cm(pkb)
Other physical details Endnotes
942 ## - ADDED ENTRY ELEMENTS (KOHA)
Source of classification or shelving scheme Dewey Decimal Classification
Item type English Books
Classification part 200
Call number suffix LEN
Holdings
Withdrawn status Lost status Not for loan Collection code Home library Current library Date acquired Source of acquisition Cost, normal purchase price Full call number Barcode Copy number Cost, replacement price Koha item type
      Non-fiction Ashok Vihar Ashok Vihar 04/07/2022 DBAD/PUB 50.00 200 LEN EN-116966 1 50.00 English Books

© Delhi Public Library
Hit Counter
free hit counter